000 00216nam a2200097Ia 4500
008 120527s9999 xx 000 0 und d
100 _aTAKESHI, Nagawa
245 _aThe japanese house
260 _bOgata
942 _cBK
999 _c25269
_d25269